000 00428nam a22001697a 4500
005 20250609163901.0
008 250609b |||||||| |||| 00| 0 eng d
020 _a9781844802241
050 _aHD 62.7
_b1
100 _aSTOKE, David
245 _aSmall business management Entrepreneuship
250 _a5th
260 _aAustralia
_bThomson
_c2006c
300 _axxiii,479p
700 _aWilson, Nicholas
942 _2lcc
_cBK
_n0
999 _c6369
_d6369